| 000 | 01570nam a2200301 i 4500 | ||
|---|---|---|---|
| 003 | DO-SdBNP | ||
| 005 | 20250826080950.0 | ||
| 007 | ta | ||
| 008 | 250825s2025 dr 000 0 spa d | ||
| 020 | _a9789945932577 | ||
| 040 |
_aDO-SdBNP _bspa _cBNPHU _erda |
||
| 041 | _aspa | ||
| 082 | 4 |
_axxx _bM455 _222 |
|
| 100 | 1 |
_aMauricio A. , Leonardo _945446 _eautor _4aut. |
|
| 245 | 1 | 0 |
_aRuta de las yolas (II) / _cLeonardo Mauricio A. ; prólogo, Rafael Peralta Romero. |
| 250 | _aPrimera edición | ||
| 264 |
_aSanto Domingo : _bEditorial Gente, _c2025. |
||
| 300 |
_a161 páginas ; _c21 cm. |
||
| 336 |
_2rdacontent _atexto _btxt |
||
| 337 |
_2rdamedia _asin mediación _bn |
||
| 338 |
_2rdacarrier _avolumen _bnc |
||
| 500 | _aIncluye datos biografícos del autor en la contraportada. | ||
| 520 | _aA muy temprana edad salió a San Cristóbal para estudiar agronomía en el Politécnico Loyola. Tiene estudios de Antropología e Historia del Caribe, Comunicacion y Producción de TV, Licenciado Cum Laude en Ciencias Sociales, abogado con estudios de maestría en Derecho Inmobiliario en la Universidad Autónoma de Santo Domingo (UASD). Ha publicado Nueva York, el falso paraíso, Apuntes para la Historia de Miches, La Ocupación Norteamericana del 1916, Ruta de las Yolas I y II, actualmente corrige la tercera y última parte de la saga y entre otros temas trabaja Los Dominicanos de Ascendencia Aborigen. | ||
| 590 | _aInventariado, 2025/ YL | ||
| 700 | 1 |
_aPeralta Romero, Rafael, _d1948- _eprologuista _979774 _4pr. |
|
| 910 | _aYLockward | ||
| 942 |
_2ddc _cLBS1 |
||
| 999 |
_c59816 _d59816 |
||